[Event "SF Augsburg 1-SC 1868 Bamberg 1"]
[Site "?"]
[Date "2024.02.04"]
[Round "5.3"]
[White "Ploehn, Heiko"]
[Black "Vuckovic, Aleksandar"]
[Result "0-1"]
[WhiteElo "2118"]
[BlackElo "2339"]
[PlyCount "110"]
[EventDate "2024.??.??"]
[WhiteTeam "SC 1868 Bamberg 1"]
[BlackTeam "SF Augsburg 1"]

1. d4 Nf6 2. c4 e6 3. Nc3 Bb4 4. a3 Bxc3+ 5. bxc3 d6 6. e3 O-O 7. Bd3 c5 8. e4 Nc6 9. Ne2 h6 10. O-O e5 11. d5 Ne7 12. f4 exf4 13. Nxf4 Ng4 14. Ne6 Bxe6 15. dxe6 Ne5 16. exf7+ Rxf7 17. Rxf7 Kxf7 18. Be2 Qd7 19. Rb1 Qc6 20. Qc2 Kg8 21. Bf4 N7g6 22. Bg3 Re8 23. Rd1 Re6 24. Rd5 Qa6 25. Qb3 Ne7 26. Rd1 N7c6 27. Qb5 Qxa3 28. Qxb7 Rf6 29. Bxe5 Nxe5 30. Qd5+ Kh7 31. Rf1 Rxf1+ 32. Kxf1 Qc1+ 33. Kf2 Qf4+ 34. Kg1 a5 35. g3 Qc1+ 36. Kf2 Qxc3 37. Qxd6 Qd4+ 38. Qxd4 cxd4 39. c5 Kg8 40. Bd1 Kf7 41. Bb3+ Ke7 42. Ke2 Nd7 43. c6 Ne5 44. Bd5 Kd6 45. Kd2 a4 46. Kc2 Nxc6 47. Kb2 Nb4 48. Bf7 Nd3+ 49. Ka3 Nc5 50. Kb4 Nxe4 51. Kxa4 Kc5 52. Kb3 d3 53. Kb2 Kd4 54. Bg6 Nf2 55. Bh5 g5 0-1

[Event "SF Augsburg 1-SC 1868 Bamberg 1"]
[Site "?"]
[Date "2024.02.04"]
[Round "5.4"]
[White "Vuckovic, Zarko"]
[Black "Mittag, Ralf"]
[Result "1-0"]
[WhiteElo "2358"]
[BlackElo "2113"]
[PlyCount "67"]
[EventDate "2024.??.??"]
[WhiteTeam "SF Augsburg 1"]
[BlackTeam "SC 1868 Bamberg 1"]

1. e4 g6 2. d4 Bg7 3. Nf3 d6 4. Bd3 Nc6 5. c3 e5 6. Be3 Nf6 7. O-O O-O 8. h3 d5 9. exd5 Nxd5 10. Bg5 f6 11. Bd2 exd4 12. cxd4 Kh8 13. Nc3 Ndb4 14. Be3 Nxd3 15. Qxd3 Nb4 16. Qc4 Nc2 17. Rad1 Nxe3 18. fxe3 c6 19. e4 Re8 20. Kh1 Be6 21. d5 cxd5 22. Nxd5 Qa5 23. Nd4 Bg8 24. Qc7 Qxa2 25. Nxf6 Rec8 26. Qf4 Qxb2 27. e5 Rf8 28. Rb1 Qa2 29. Rxb7 Bd5 30. Rf2 Qa1+ 31. Rf1 Qa3 32. Qh6 Bxg2+ 33. Kxg2 Qb2+ 34. Kg3 1-0

[Event "SF Augsburg 1-SC 1868 Bamberg 1"]
[Site "?"]
[Date "2024.02.04"]
[Round "5.5"]
[White "Wichmann, Adrian"]
[Black "Lavrinenkov, Vadim"]
[Result "0-1"]
[WhiteElo "2084"]
[BlackElo "2286"]
[PlyCount "86"]
[EventDate "2024.??.??"]
[WhiteTeam "SC 1868 Bamberg 1"]
[BlackTeam "SF Augsburg 1"]

1. e4 e5 2. Nf3 Nc6 3. Bc4 Bc5 4. c3 Nf6 5. d3 a5 6. O-O d6 7. Nbd2 O-O 8. Re1 Be6 9. Bb3 Ba7 10. Nf1 h6 11. Be3 Bxe3 12. Nxe3 Re8 13. Ba4 Rb8 14. d4 Bd7 15. d5 Ne7 16. Bc2 Ng6 17. Nc4 a4 18. Ne3 b5 19. a3 c6 20. Qd2 Nf4 21. dxc6 Bxc6 22. Nf5 Re6 23. N3d4 exd4 24. Qxf4 dxc3 25. bxc3 Ba8 26. Rad1 Ne8 27. e5 dxe5 28. Rxe5 Qc7 29. Nxh6+ gxh6 30. Qg4+ Kf8 31. Rxe6 fxe6 32. Rd4 Qxc3 33. Qf4+ Ke7 34. Bd3 Qe1+ 35. Bf1 e5 36. Qh4+ Nf6 37. Rg4 Kf7 38. Rg3 Rg8 39. Rxg8 Nxg8 40. Qh5+ Ke7 41. Qh4+ Nf6 42. Qxh6 Bd5 43. Qg7+ Ke6 0-1

[Event "SF Augsburg 1-SC 1868 Bamberg 1"]
[Site "?"]
[Date "2024.02.04"]
[Round "5.6"]
[White "Weller, Uli"]
[Black "Breithut, Kurt-Georg"]
[Result "1/2-1/2"]
[WhiteElo "2263"]
[BlackElo "2136"]
[PlyCount "116"]
[EventDate "2024.??.??"]
[WhiteTeam "SF Augsburg 1"]
[BlackTeam "SC 1868 Bamberg 1"]

1. e4 g6 2. d4 c6 3. Nc3 d5 4. Nf3 Bg4 5. e5 Bg7 6. h3 Bxf3 7. Qxf3 Nd7 8. Bd3 f6 9. exf6 Bxf6 10. Qe3 Qb6 11. Ne2 e5 12. O-O Ne7 13. dxe5 Nxe5 14. Nf4 Qxe3 15. Bxe3 Nxd3 16. Nxd3 Nf5 17. Rfe1 Kf7 18. a4 Rhe8 19. Ra3 Re7 20. a5 Rae8 21. Kf1 Nxe3+ 22. Rxe3 Rxe3 23. fxe3 Rxe3 24. Rb3 Re7 25. Nc5 b6 26. axb6 axb6 27. Rxb6 Bd4 28. Rxc6 Bxb2 29. Rd6 d4 30. Nd3 Bc3 31. Kf2 Kg7 32. Rd5 Ra7 33. Re5 Kf6 34. Re2 Ra5 35. Kf3 Kf5 36. Nf2 h5 37. Ne4 Ra3 38. g4+ Ke5 39. gxh5 gxh5 40. Ng3+ Kd6 41. Nxh5 Ba5+ 42. Kg4 d3 43. cxd3 Rxd3 44. Nf4 Rd4 45. Kf5 Bd2 46. Ng6 Rd5+ 47. Ke4 Bg5 48. Ra2 Rc5 49. Ra6+ Rc6 50. Ra3 Ke6 51. Ne5 Rb6 52. Nf3 Bf6 53. Ra4 Kf7 54. Kf5 Rb5+ 55. Kg4 Kg6 56. Rf4 Rd5 57. h4 Ra5 58. Nd2 Bxh4 1/2-1/2

[Event "SF Augsburg 1-SC 1868 Bamberg 1"]
[Site "?"]
[Date "2024.02.04"]
[Round "5.8"]
[White "Abdic, Adnan"]
[Black "Wolf, Pablo"]
[Result "1-0"]
[WhiteElo "2160"]
[BlackElo "1949"]
[PlyCount "71"]
[EventDate "2024.??.??"]
[WhiteTeam "SF Augsburg 1"]
[BlackTeam "SC 1868 Bamberg 1"]

1. e4 c5 2. Nf3 d6 3. d4 cxd4 4. Nxd4 Nf6 5. Nc3 a6 6. Bg5 e6 7. f3 Be7 8. Qd2 Qc7 9. g4 Nbd7 10. Be3 Ne5 11. g5 Nfd7 12. f4 Nc4 13. Bxc4 Qxc4 14. f5 Ne5 15. O-O-O b5 16. Kb1 Bd7 17. b3 Qc7 18. Rhg1 Rc8 19. Nce2 Qb7 20. Ng3 a5 21. Nh5 Rg8 22. f6 Bf8 23. fxg7 Bxg7 24. Nxg7+ Rxg7 25. Qg2 a4 26. Bd2 b4 27. Qe2 Ra8 28. Bf4 axb3 29. cxb3 Rg8 30. Rge1 Ra5 31. Nc2 Bb5 32. Qe3 Ke7 33. Bxe5 Rga8 34. Bxd6+ Ke8 35. Bxb4 Rxa2 36. Qc5 1-0

[Event "SK Schwandorf 1-SK Kriegshaber 1"]
[Site "?"]
[Date "2024.02.04"]
[Round "5.1"]
[White "Demel, Paul"]
[Black "Zvara, Petr"]
[Result "1-0"]
[WhiteElo "2108"]
[BlackElo "2335"]
[PlyCount "109"]
[EventDate "2024.??.??"]
[WhiteTeam "SK Kriegshaber 1"]
[BlackTeam "SK Schwandorf 1"]

1. e4 c6 2. d4 d5 3. e5 Bf5 4. Nf3 e6 5. Be2 Ne7 6. c3 Ng6 7. O-O Nd7 8. Ne1 f6 9. f4 Qb6 10. Kh1 Be7 11. a4 a5 12. Nd2 fxe5 13. g4 exd4 14. gxf5 exf5 15. Nb3 dxc3 16. bxc3 O-O 17. Ng2 Nf6 18. Be3 Qc7 19. Nc5 Rfe8 20. Bd3 Bd6 21. Qf3 Ne4 22. Bxe4 fxe4 23. Qh5 Qe7 24. Nb3 Qf7 25. Rad1 Ne5 26. Qxf7+ Nxf7 27. Bb6 Ra6 28. Bc5 Raa8 29. Bb6 Ra6 30. Bg1 Raa8 31. Ne3 Bc7 32. Nd4 Nd6 33. h3 Bd8 34. Bh2 Bf6 35. f5 Nf7 36. c4 dxc4 37. Ne6 b5 38. Rg1 Ra7 39. Nxg7 Bxg7 40. f6 Nh6 41. Bf4 Rf8 42. fxg7 Rxf4 43. Rd8+ Kf7 44. Rf8+ Ke6 45. Rxf4 Ke5 46. Rf8 c3 47. Ng4+ Kd4 48. Nxh6 Rxg7 49. Rxg7 c2 50. Rf1 b4 51. Rxh7 b3 52. Rg7 b2 53. Rgg1 Kd3 54. Nf5 Kd2 55. Nd4 1-0

[Event "SK Schwandorf 1-SK Kriegshaber 1"]
[Site "?"]
[Date "2024.02.04"]
[Round "5.2"]
[White "Votruba, Pavel"]
[Black "Kudrytsky, Stanislav"]
[Result "1-0"]
[WhiteElo "2222"]
[BlackElo "2055"]
[PlyCount "81"]
[EventDate "2024.??.??"]
[WhiteTeam "SK Schwandorf 1"]
[BlackTeam "SK Kriegshaber 1"]

1. Nf3 d5 2. e3 Nf6 3. b3 g6 4. Bb2 Bg7 5. c4 c6 6. Be2 O-O 7. O-O Re8 8. d4 Ne4 9. Nc3 Nxc3 10. Bxc3 Bf5 11. Qd2 Nd7 12. cxd5 cxd5 13. Nh4 Be6 14. Ba5 b6 15. Bb4 Nf6 16. Bb5 Bd7 17. a4 a5 18. Ba3 Bxb5 19. axb5 Qd7 20. Qd3 Rec8 21. Rfc1 Ne4 22. Nf3 e6 23. Ne5 Bxe5 24. dxe5 Rxc1+ 25. Rxc1 Rc8 26. Rxc8+ Qxc8 27. f3 Nc3 28. Qc2 Qc7 29. Bd6 Qc8 30. Kf1 a4 31. Bb4 axb3 32. Qxc3 Qe8 33. Kf2 h5 34. Qxb3 Qxb5 35. Qc3 Kh7 36. Be7 Qa4 37. h4 Qa2+ 38. Kg3 Qb1 39. Qb4 Qc1 40. Qf4 Qe1+ 41. Kh2 1-0

[Event "SK Schwandorf 1-SK Kriegshaber 1"]
[Site "?"]
[Date "2024.02.04"]
[Round "5.3"]
[White "Reis, Thomas"]
[Black "Muehling, Werner"]
[Result "1/2-1/2"]
[WhiteElo "2210"]
[BlackElo "2015"]
[PlyCount "75"]
[EventDate "2024.??.??"]
[WhiteTeam "SK Kriegshaber 1"]
[BlackTeam "SK Schwandorf 1"]

1. d4 Nf6 2. Nf3 e6 3. c4 b6 4. e3 Bb7 5. Bd3 Be7 6. O-O O-O 7. b3 d5 8. cxd5 exd5 9. Ba3 Bxa3 10. Nxa3 Nbd7 11. Rc1 c5 12. Qe2 a6 13. Rfd1 Qe7 14. Nb1 Ne4 15. Nc3 Nxc3 16. Rxc3 f5 17. Qc2 g6 18. g3 Rfc8 19. a4 Nf6 20. Qb2 Ne4 21. Rcc1 Rc7 22. Qa3 a5 23. Rc2 Rac8 24. Rdc1 Qd6 25. Ne5 Qe7 26. Bf1 Nd6 27. h4 cxd4 28. Rxc7 Rxc7 29. exd4 Ne8 30. Qxe7 Rxe7 31. Bb5 Rc7 32. Rxc7 Nxc7 33. Nd7 Ne6 34. Be2 Nxd4 35. Bd1 b5 36. axb5 Nxb5 37. f4 Kf7 38. h5 1/2-1/2

[Event "SK Schwandorf 1-SK Kriegshaber 1"]
[Site "?"]
[Date "2024.02.04"]
[Round "5.4"]
[White "Lautner, Juergen"]
[Black "Kamenskyi, Dmytro"]
[Result "0-1"]
[WhiteElo "1996"]
[BlackElo "2107"]
[PlyCount "52"]
[EventDate "2024.??.??"]
[WhiteTeam "SK Schwandorf 1"]
[BlackTeam "SK Kriegshaber 1"]

1. c4 e6 2. g3 Nf6 3. Bg2 d5 4. Nf3 dxc4 5. Qa4+ Nbd7 6. O-O a6 7. Qxc4 b5 8. Qc2 Bb7 9. Nc3 c5 10. a4 Qb6 11. axb5 axb5 12. Rxa8+ Bxa8 13. d3 Be7 14. e4 O-O 15. h3 Qb8 16. Nh4 Rd8 17. Be3 Ne5 18. Rd1 Nc6 19. Ne2 Nb4 20. Qb3 Rxd3 21. Rxd3 c4 22. Qa3 cxd3 23. Nc3 Nbd5 24. Qa7 Qxa7 25. Bxa7 Nxc3 26. bxc3 Bxe4 0-1

[Event "SK Schwandorf 1-SK Kriegshaber 1"]
[Site "?"]
[Date "2024.02.04"]
[Round "5.5"]
[White "Bintakies, Michael"]
[Black "Stoeckl, Stephan"]
[Result "0-1"]
[WhiteElo "2115"]
[BlackElo "2028"]
[PlyCount "58"]
[EventDate "2024.??.??"]
[WhiteTeam "SK Kriegshaber 1"]
[BlackTeam "SK Schwandorf 1"]

1. d4 Nf6 2. c4 e6 3. Nc3 d5 4. cxd5 exd5 5. Bg5 Be7 6. e3 O-O 7. Bd3 c6 8. Qc2 Nbd7 9. Nf3 Re8 10. O-O Nf8 11. Rab1 a5 12. a3 Ne4 13. Bxe7 Qxe7 14. b4 axb4 15. axb4 Ng6 16. b5 Bg4 17. Nd2 Nxd2 18. Qxd2 Nh4 19. Rfc1 Bh3 20. Bf1 Qg5 21. Qe2 Bxg2 22. f4 Bxf1+ 23. Kxf1 Qf5 24. bxc6 bxc6 25. Kg1 Qg6+ 26. Kh1 Rxe3 27. Qf2 Rxc3 28. Qxh4 Qe4+ 29. Kg1 Qe3+ 0-1

[Event "SK Schwandorf 1-SK Kriegshaber 1"]
[Site "?"]
[Date "2024.02.04"]
[Round "5.6"]
[White "Paar, Johannes"]
[Black "Hahn, Christoph"]
[Result "1-0"]
[WhiteElo "1947"]
[BlackElo "2103"]
[PlyCount "99"]
[EventDate "2024.??.??"]
[WhiteTeam "SK Schwandorf 1"]
[BlackTeam "SK Kriegshaber 1"]

1. d4 b6 2. c4 Bb7 3. Nf3 g6 4. Nc3 Bg7 5. e4 d6 6. Be2 Nd7 7. O-O c5 8. Be3 cxd4 9. Nxd4 Ngf6 10. f3 O-O 11. Qd2 Rc8 12. Rfd1 Ne5 13. b3 Re8 14. Rac1 Qc7 15. Bf1 Qb8 16. Nd5 Ned7 17. a4 e6 18. Nxf6+ Nxf6 19. Nb5 Red8 20. Bf4 Ne8 21. Kh1 a6 22. Nc3 Bc6 23. Qf2 Qb7 24. Be3 Rb8 25. Na2 Nc7 26. Nb4 Be8 27. Bf4 e5 28. Bg5 f6 29. Be3 b5 30. cxb5 axb5 31. a5 Ra8 32. Bb6 Rdc8 33. Rc2 Ne6 34. Rxc8 Qxc8 35. Nd5 Kh8 36. b4 Qb7 37. Qd2 f5 38. Rc1 fxe4 39. fxe4 Bc6 40. Be2 Nd4 41. Bxd4 exd4 42. Bf3 Rc8 43. Qd3 Bxd5 44. Rxc8+ Qxc8 45. exd5 Qc3 46. Be2 Qxb4 47. a6 Qe1+ 48. Bf1 Be5 49. g3 b4 50. a7 1-0

[Event "SK Schwandorf 1-SK Kriegshaber 1"]
[Site "?"]
[Date "2024.02.04"]
[Round "5.7"]
[White "Kling, Maximilian"]
[Black "Kraus, Nikolas"]
[Result "1-0"]
[WhiteElo "1835"]
[BlackElo "1790"]
[PlyCount "79"]
[EventDate "2024.??.??"]
[WhiteTeam "SK Kriegshaber 1"]
[BlackTeam "SK Schwandorf 1"]

1. d4 e6 2. Bf4 d5 3. e3 Nf6 4. Nd2 c5 5. c3 Nc6 6. Ngf3 Be7 7. h3 Qb6 8. Qb3 c4 9. Qc2 Bd7 10. Be2 Rc8 11. O-O Na5 12. Ne5 Qd8 13. Bh2 b5 14. Kh1 h5 15. e4 dxe4 16. Nxd7 Qxd7 17. Nxe4 Nd5 18. Rae1 Bf6 19. Nc5 Qc6 20. Bf3 Nb7 21. Ne4 a5 22. Nxf6+ gxf6 23. Qe4 Rd8 24. Qh4 Ke7 25. Re5 b4 26. Rxh5 Rxh5 27. Qxh5 Qa4 28. Re1 bxc3 29. bxc3 Qb5 30. Bg3 a4 31. Be4 Na5 32. Rb1 Nb3 33. axb3 cxb3 34. Bxd5 Rxd5 35. Qd1 Qc4 36. Qc1 e5 37. Qa3+ Ke6 38. dxe5 fxe5 39. Qf8 Qc6 40. Bh4 1-0

[Event "SK Schwandorf 1-SK Kriegshaber 1"]
[Site "?"]
[Date "2024.02.04"]
[Round "5.8"]
[White "Scherl, Rafael"]
[Black "Reschka, Hans"]
[Result "1-0"]
[WhiteElo "1792"]
[BlackElo "1803"]
[PlyCount "85"]
[EventDate "2024.??.??"]
[WhiteTeam "SK Schwandorf 1"]
[BlackTeam "SK Kriegshaber 1"]

1. e4 c5 2. Nf3 e6 3. d4 cxd4 4. Nxd4 a6 5. Bd3 Nf6 6. O-O Qc7 7. c3 Nc6 8. Qe2 d6 9. f4 e5 10. Nxc6 Qxc6 11. h3 Be7 12. Na3 Qc7 13. Nc2 h5 14. Be3 Bd7 15. Nb4 a5 16. Nd5 Nxd5 17. exd5 Bf6 18. c4 b6 19. Rac1 Kf8 20. fxe5 dxe5 21. Qf2 Rb8 22. c5 bxc5 23. Bxc5+ Ke8 24. Ba7 Qb7 25. Bxb8 Qxb8 26. Bf5 Qd6 27. Bxd7+ Qxd7 28. Rfd1 Bd8 29. Rc6 g5 30. Qc5 g4 31. Re1 Qf5 32. Qd6 f6 33. Rf1 Qh7 34. Rc8 Qa7+ 35. Kh1 Qe7 36. Rxf6 Qxd6 37. Rxd6 Ke7 38. Re6+ Kd7 39. Ra8 Rf8 40. Ra7+ Bc7 41. Rh6 g3 42. Kg1 Rc8 43. d6 1-0

[Event "SK Kriegshaber 1-TSV Trostberg 1"]
[Site "?"]
[Date "2024.02.25"]
[Round "6.2"]
[White "Demel, Paul"]
[Black "Weiss, Christian"]
[Result "0-1"]
[WhiteElo "2108"]
[BlackElo "2343"]
[PlyCount "64"]
[EventDate "2024.??.??"]
[WhiteTeam "SK Kriegshaber 1"]
[BlackTeam "TSV Trostberg 1"]

1. e4 c5 2. Nf3 e6 3. c3 Nf6 4. e5 Nd5 5. g3 d6 6. exd6 Bxd6 7. Bg2 O-O 8. O-O Nd7 9. d4 cxd4 10. Nxd4 N7f6 11. Qe2 a6 12. c4 Ne7 13. Rd1 Qc7 14. b3 Ng6 15. Bb2 e5 16. Nc2 Bg4 17. f3 Be6 18. Nc3 Rad8 19. Kh1 h5 20. Ne3 h4 21. Ne4 Nxe4 22. fxe4 hxg3 23. hxg3 Bc5 24. Rxd8 Rxd8 25. Rd1 Rxd1+ 26. Nxd1 Qd8 27. Bc1 Nf4 28. Qf3 Qg5 29. Be3 Bg4 30. Qf2 Qh5+ 31. Kg1 Ne2+ 32. Kf1 Bb4 0-1

[Event "SK Kriegshaber 1-TSV Trostberg 1"]
[Site "?"]
[Date "2024.02.25"]
[Round "6.3"]
[White "Hinterreiter, Markus"]
[Black "Kudrytsky, Stanislav"]
[Result "1-0"]
[WhiteElo "2298"]
[BlackElo "2055"]
[PlyCount "107"]
[EventDate "2024.??.??"]
[WhiteTeam "TSV Trostberg 1"]
[BlackTeam "SK Kriegshaber 1"]

1. c4 e5 2. g3 Nf6 3. Bg2 Nc6 4. Nc3 Bb4 5. Nd5 Bc5 6. e3 O-O 7. Ne2 Re8 8. O-O Bf8 9. b3 d6 10. d4 Bg4 11. Bb2 exd4 12. f3 Bd7 13. Nxd4 Nxd5 14. cxd5 Nxd4 15. Qxd4 c5 16. dxc6 bxc6 17. Rfd1 Qb6 18. e4 Qxd4+ 19. Rxd4 d5 20. Rc1 g6 21. exd5 Bg7 22. dxc6 Bxd4+ 23. Bxd4 Rac8 24. f4 Bf5 25. c7 Re7 26. Be5 f6 27. Bd6 Rd7 28. Rc6 Kf7 29. Bd5+ Be6 30. Bxe6+ Kxe6 31. Be5+ Kd5 32. Rxf6 Ke4 33. Rc6 Rd1+ 34. Kg2 Rd2+ 35. Kh3 Rxa2 36. Rc4+ Kf3 37. Rb4 Rc2 38. Rb7 a6 39. Rb6 Rc5 40. b4 R5xc7 41. Bxc7 Rxc7 42. Rxa6 Rb7 43. Ra3+ Ke4 44. Rb3 Rb5 45. Kg2 Kd4 46. Kf3 Kc4 47. Rb1 Kd3 48. Rd1+ Kc4 49. Rc1+ Kd4 50. Rc7 h5 51. Rc6 g5 52. fxg5 Rf5+ 53. Kg2 Rxg5 54. Rc5 1-0

[Event "SK Kriegshaber 1-TSV Trostberg 1"]
[Site "?"]
[Date "2024.02.25"]
[Round "6.4"]
[White "Kamenskyi, Dmytro"]
[Black "Knoll, Hermann"]
[Result "0-1"]
[WhiteElo "2107"]
[BlackElo "2206"]
[PlyCount "124"]
[EventDate "2024.??.??"]
[WhiteTeam "SK Kriegshaber 1"]
[BlackTeam "TSV Trostberg 1"]

1. e4 e5 2. Nf3 Nc6 3. Nc3 Nf6 4. Bb5 Bb4 5. O-O O-O 6. Bxc6 dxc6 7. d3 Nd7 8. Ne2 Re8 9. Ng3 Bf8 10. h3 a5 11. a4 Nc5 12. Be3 f6 13. Nh4 Ne6 14. Nhf5 Kh8 15. Ne2 c5 16. f4 Nd4 17. g4 Be6 18. b3 Qd7 19. Nexd4 exd4 20. Bd2 c6 21. Qe1 b6 22. Ng3 b5 23. Qf2 c4 24. axb5 cxb5 25. bxc4 bxc4 26. Rxa5 Rxa5 27. Bxa5 cxd3 28. cxd3 Qb5 29. Be1 Qxd3 30. Qd2 Qb3 31. Kg2 d3 32. Rf3 Bc4 33. Qc3 Qb5 34. Bd2 Ra8 35. Nf1 Bc5 36. g5 Ra3 37. Qc1 f5 38. Ng3 fxe4 39. Nxe4 Bf8 40. Kg3 Ra8 41. Nf2 Bd6 42. h4 Kg8 43. Qc3 Qd5 44. Ng4 Ra3 45. Qc1 Ba6 46. Ne3 Qe4 47. Rf2 Ra4 48. Ng4 Rc4 49. Qa1 Bc8 50. Qe1 Qf5 51. Qd1 Bc5 52. Rh2 Rc2 53. Ne5 Bd4 54. Ng4 Qxg4+ 55. Qxg4 Bxg4 56. Kxg4 Bc3 57. Rh3 Rxd2 58. Kf5 Rd1 59. h5 Kf8 60. g6 hxg6+ 61. hxg6 Ke7 62. Re3+ Kd6 0-1

[Event "SK Kriegshaber 1-TSV Trostberg 1"]
[Site "?"]
[Date "2024.02.25"]
[Round "6.5"]
[White "Mostbauer, Florian"]
[Black "Bintakies, Michael"]
[Result "1/2-1/2"]
[WhiteElo "2318"]
[BlackElo "2115"]
[PlyCount "107"]
[EventDate "2024.??.??"]
[WhiteTeam "TSV Trostberg 1"]
[BlackTeam "SK Kriegshaber 1"]

1. Nf3 d5 2. e3 Bf5 3. c4 c6 4. Qb3 Qb6 5. cxd5 Qxb3 6. axb3 Bxb1 7. dxc6 Nxc6 8. Rxb1 Nf6 9. d4 e6 10. Bd3 Be7 11. Bd2 O-O 12. Ke2 Rfd8 13. Rhc1 a6 14. Ra1 Rac8 15. Ra4 Nd5 16. Rac4 Ra8 17. Ne5 Nxe5 18. dxe5 b5 19. Rc6 Nb4 20. Bxb4 Bxb4 21. f4 g6 22. g4 Ra7 23. Rc7 Rxc7 24. Rxc7 Rb8 25. Kf3 a5 26. f5 exf5 27. gxf5 Re8 28. e6 fxe6 29. fxg6 hxg6 30. Bxg6 Re7 31. Rc6 Kg7 32. Bd3 Kf6 33. h4 Rd7 34. Bxb5 Rh7 35. Bc4 Rxh4 36. Bxe6 Ke5 37. Bg8 Rh3+ 38. Ke2 Rh2+ 39. Kf3 Rh3+ 40. Kf2 Rh8 41. Rg6 Kf5 42. Rg7 Kf6 43. Rg1 Rh2+ 44. Kf3 Rh3+ 45. Kf4 Bd2 46. Rd1 Bxe3+ 47. Ke4 Bc5 48. Bc4 Bb4 49. Rf1+ Ke7 50. Rf2 Rh5 51. Rg2 Kd6 52. Bf7 Rh4+ 53. Kd3 Kc5 54. Rg5+ 1/2-1/2

[Event "SK Kriegshaber 1-TSV Trostberg 1"]
[Site "?"]
[Date "2024.02.25"]
[Round "6.6"]
[White "Hahn, Christoph"]
[Black "Kobl, Rudolf"]
[Result "1-0"]
[WhiteElo "2103"]
[BlackElo "2084"]
[PlyCount "109"]
[EventDate "2024.??.??"]
[WhiteTeam "SK Kriegshaber 1"]
[BlackTeam "TSV Trostberg 1"]

1. d4 d5 2. Nc3 Nf6 3. Bf4 g6 4. Nf3 Bg7 5. e3 O-O 6. Be2 c5 7. Ne5 Nc6 8. h4 h5 9. Bf3 cxd4 10. exd4 Qb6 11. Nxc6 Qxc6 12. O-O Bg4 13. Be5 Rfd8 14. Re1 Bxf3 15. Qxf3 b5 16. Rac1 b4 17. Ne2 Qa4 18. a3 bxa3 19. Qxa3 Qxa3 20. bxa3 Rac8 21. f3 Rc4 22. c3 Rdc8 23. Rb1 Nd7 24. Bxg7 Kxg7 25. Rb5 Nb6 26. Reb1 Ra4 27. R1b3 e6 28. R5b4 Ra5 29. Nf4 Nc4 30. Rb7 Ra6 31. Rd7 Nb6 32. Rb7 Kf8 33. Nd3 Nc4 34. Nc5 Rxa3 35. Rxa3 Nxa3 36. Rxa7 Nb5 37. Rb7 Nxc3 38. Kf2 Ra8 39. Nd7+ Kg8 40. Ne5 Ra2+ 41. Ke3 Rxg2 42. Nxf7 Rb2 43. Rd7 Nb5 44. Kf4 Nxd4 45. Ke5 Nxf3+ 46. Kf6 Rb8 47. Nh6+ Kf8 48. Rh7 Ke8 49. Rh8+ Kd7 50. Rxb8 e5 51. Nf7 e4 52. Ne5+ Kc7 53. Rb5 d4 54. Nxf3 d3 55. Rb3 1-0

[Event "SK Kriegshaber 1-TSV Trostberg 1"]
[Site "?"]
[Date "2024.02.25"]
[Round "6.7"]
[White "Huch, Reiner"]
[Black "Stoer, Andreas"]
[Result "1/2-1/2"]
[WhiteElo "2206"]
[BlackElo "2065"]
[PlyCount "47"]
[EventDate "2024.??.??"]
[WhiteTeam "TSV Trostberg 1"]
[BlackTeam "SK Kriegshaber 1"]

1. d4 d5 2. c4 c6 3. e3 Nf6 4. Nc3 e6 5. Nf3 Nbd7 6. Qc2 Bd6 7. Be2 O-O 8. O-O Qe7 9. Rd1 b6 10. e4 Nxe4 11. Nxe4 dxe4 12. Qxe4 Bb7 13. Bd3 f5 14. Qe2 c5 15. dxc5 Nxc5 16. Bc2 h6 17. Be3 e5 18. Nh4 f4 19. Bxc5 Bxc5 20. Qg4 Bc8 21. Qh5 Bb7 22. Qg4 Bc8 23. Qh5 Bb7 24. Qg4 1/2-1/2

[Event "SK Kriegshaber 1-TSV Trostberg 1"]
[Site "?"]
[Date "2024.02.25"]
[Round "6.8"]
[White "Schechter, Dimitri"]
[Black "Kern, Johannes"]
[Result "1-0"]
[WhiteElo "2059"]
[BlackElo "2148"]
[PlyCount "107"]
[EventDate "2024.??.??"]
[WhiteTeam "SK Kriegshaber 1"]
[BlackTeam "TSV Trostberg 1"]

1. d4 d5 2. Nf3 Nf6 3. c4 e6 4. g3 dxc4 5. Bg2 c5 6. O-O Nc6 7. Qa4 Bd7 8. Qxc4 b5 9. Qd3 c4 10. Qd1 Rc8 11. e4 Nxe4 12. d5 Nb4 13. Ne5 Nf6 14. Nc3 exd5 15. a3 Nc6 16. Nxd7 Qxd7 17. Nxd5 Nxd5 18. Bxd5 Rd8 19. Qe2+ Be7 20. Rd1 Kf8 21. Bf4 Bf6 22. Bxc6 Qxc6 23. Rxd8+ Bxd8 24. Rd1 Be7 25. Qe5 Qb7 26. Rd5 a6 27. Qd4 f6 28. Rd8+ Bxd8 29. Qxd8+ Kf7 30. Qxh8 Qe4 31. Qc8 g5 32. Be3 Qb1+ 33. Kg2 Qxb2 34. Qxa6 Qe5 35. Qb7+ Kg6 36. h3 h5 37. Qc8 h4 38. Qg8+ Kf5 39. gxh4 Qe4+ 40. Kg1 Qxh4 41. Qd5+ Kg6 42. Qxb5 Qe4 43. Qc5 g4 44. h4 f5 45. Qd6+ Kf7 46. Qc7+ Ke6 47. h5 Qb1+ 48. Kg2 Qe4+ 49. Kh2 Qd3 50. h6 Qf1 51. a4 c3 52. Qc8+ Kf6 53. Qxc3+ Ke6 54. Qc6+ 1-0

[Event "SK Weilheim 1-SG PS Regensburg 1"]
[Site "?"]
[Date "2024.02.25"]
[Round "6.1"]
[White "Schmid, Roland"]
[Black "Lehner, Oliver"]
[Result "0-1"]
[WhiteElo "2209"]
[BlackElo "2394"]
[PlyCount "102"]
[EventDate "2024.??.??"]
[WhiteTeam "SG PS Regensburg 1"]
[BlackTeam "SK Weilheim 1"]

1. Nf3 Nf6 2. c4 g6 3. Nc3 Bg7 4. e4 d6 5. d4 O-O 6. h3 e5 7. dxe5 dxe5 8. Qxd8 Rxd8 9. Bg5 Na6 10. Nd5 Rd6 11. Bxf6 Bxf6 12. Rc1 b6 13. b4 c6 14. c5 Rxd5 15. exd5 e4 16. Nd2 cxd5 17. a3 Kg7 18. Bb5 bxc5 19. Bc6 Rb8 20. Bxd5 cxb4 21. a4 Bc3 22. Ke2 Nc5 23. Nxe4 Nxe4 24. Bxe4 Bd7 25. Bc2 Re8+ 26. Kf3 Bc6+ 27. Kg3 Re2 28. Rhg1 Be5+ 29. f4 Bb2 30. Bd3 Re3+ 31. Kf2 Bxc1 32. Rxc1 Rxd3 33. Rxc6 b3 34. Rc4 a5 35. Rc1 Rd4 36. Rb1 Rxf4+ 37. Ke3 Rxa4 38. Rxb3 Rb4 39. Rc3 a4 40. Rc5 Rb2 41. Kf3 a3 42. Ra5 a2 43. Kg3 Kf6 44. Kf3 Ke6 45. g4 h6 46. h4 Kd6 47. Ke4 Kc6 48. Ra8 Kc5 49. Ke5 Rf2 50. h5 gxh5 51. gxh5 Kc4 0-1

[Event "SK Weilheim 1-SG PS Regensburg 1"]
[Site "?"]
[Date "2024.02.25"]
[Round "6.2"]
[White "Guttenthaler, Franz"]
[Black "Loos, Roland"]
[Result "1/2-1/2"]
[WhiteElo "2300"]
[BlackElo "2234"]
[PlyCount "25"]
[EventDate "2024.??.??"]
[WhiteTeam "SK Weilheim 1"]
[BlackTeam "SG PS Regensburg 1"]

1. Nf3 Nf6 2. c4 c6 3. e3 d5 4. Nc3 g6 5. b3 Bg7 6. Bb2 O-O 7. d4 Ne4 8. Bd3 Nxc3 9. Bxc3 dxc4 10. Bxc4 c5 11. Qd2 cxd4 12. Bxd4 Nc6 13. Bxg7 1/2-1/2

[Event "SK Weilheim 1-SG PS Regensburg 1"]
[Site "?"]
[Date "2024.02.25"]
[Round "6.3"]
[White "Pohl-Kuemmel, Jens-Uwe"]
[Black "Deglmann, Ludwig"]
[Result "1/2-1/2"]
[WhiteElo "2222"]
[BlackElo "2208"]
[PlyCount "34"]
[EventDate "2024.??.??"]
[WhiteTeam "SG PS Regensburg 1"]
[BlackTeam "SK Weilheim 1"]

1. d4 f5 2. g3 Nf6 3. Bg2 g6 4. Nf3 Bg7 5. O-O O-O 6. b3 c6 7. Bb2 Ne4 8. c4 d5 9. Nbd2 Be6 10. e3 a5 11. Qc2 a4 12. b4 a3 13. Bc1 Qb6 14. Rb1 Nxd2 15. Nxd2 dxc4 16. Nxc4 Qxb4 17. Nxa3 Qa4 1/2-1/2

[Event "SK Weilheim 1-SG PS Regensburg 1"]
[Site "?"]
[Date "2024.02.25"]
[Round "6.4"]
[White "Tafertshofer, Matthias"]
[Black "Quast, Michael"]
[Result "0-1"]
[WhiteElo "2053"]
[BlackElo "2211"]
[PlyCount "76"]
[EventDate "2024.??.??"]
[WhiteTeam "SK Weilheim 1"]
[BlackTeam "SG PS Regensburg 1"]

1. d4 Nf6 2. c4 d6 3. Nc3 Nbd7 4. e4 e5 5. d5 Be7 6. Be3 Nc5 7. f3 a5 8. a3 b6 9. b4 Nb7 10. Nge2 O-O 11. Ng3 Ne8 12. Bd3 Bg5 13. Bxg5 Qxg5 14. Qd2 Qh4 15. O-O g6 16. f4 axb4 17. axb4 Rxa1 18. Rxa1 exf4 19. Nge2 g5 20. Ra8 Nf6 21. Nd4 Bd7 22. Ra7 Rb8 23. Ncb5 Ne8 24. e5 dxe5 25. Nf3 Qh6 26. Nxe5 Bxb5 27. cxb5 Ned6 28. Qc3 Qg7 29. Qxc7 Rc8 30. Qe7 Re8 31. Rxb7 Rxe7 32. Rxe7 Qf6 33. Nc6 g4 34. Ra7 g3 35. Ra8+ Kg7 36. Ra2 Qc3 37. Bf1 Qe3+ 38. Kh1 Qe1 0-1